000 00208nam a2200085Ia 4500
008 180219s9999 xx 000 0 und d
100 _aRam S K
245 0 _aReading In Language And Language Teaching
260 _aN.C.E.R.T
260 _c1983
999 _c42732
_d42732